| 000 | 01268nam a2200337Ia 4500 | ||
|---|---|---|---|
| 001 | ebr10674753 | ||
| 003 | CaPaEBR | ||
| 006 | m u | ||
| 007 | cr cn||||||||| | ||
| 008 | 121002s2013 flu sb 001 0aeng d | ||
| 010 | _z 2012039464 | ||
| 020 | _z9780813044361 (alk. paper) | ||
| 020 | _z9780813045061 | ||
| 040 |
_aCaPaEBR _cCaPaEBR |
||
| 035 | _a(OCoLC)830324107 | ||
| 043 | _an-us--- | ||
| 050 | 1 | 4 |
_aQE22.S556 _bA3 2013eb |
| 082 | 0 | 4 |
_a551.092 _aB _223 |
| 100 | 1 | _aShinn, Eugene A. | |
| 245 | 1 | 0 |
_aBootstrap geologist _h[electronic resource] : _bmy life in science / _cGene Shinn. |
| 260 |
_aGainesville : _bUniversity Press of Florida, _cc2013. |
||
| 300 | _axii, 297 p. | ||
| 504 | _aIncludes bibliographical references and index. | ||
| 533 |
_aElectronic reproduction. _bPalo Alto, Calif. : _cebrary, _d2013. _nAvailable via World Wide Web. _nAccess may be limited to ebrary affiliated libraries. |
||
| 600 | 1 | 0 | _aShinn, Eugene A. |
| 650 | 0 |
_aGeologists _zUnited States _vBiography. |
|
| 650 | 0 |
_aGeology _zUnited States _xHistory. |
|
| 655 | 7 |
_aElectronic books. _2local |
|
| 710 | 2 | _aebrary, Inc. | |
| 856 | 4 | 0 |
_uhttp://site.ebrary.com/lib/rucke/Doc?id=10674753 _zAn electronic book accessible through the World Wide Web; click to view |
| 999 |
_c163395 _d163395 |
||